000 00356nam a22001337a 4500
020 _a1558153454
082 _a338.98
_bNAT
_cD
245 _aLatin America's journey to the market
260 _aWashington
_bThe world bank
_c1995
300 _a45 p. :
_bill, ;
_c20 cm.
526 _a0
_b0
_c0
_d338_980000000000000_NAT
650 _aMCE
_9379
942 _2ddc
_cBK
999 _c542273
_d542273